[Event "1er tournoi de GMI du C'Chartres Echecs 2020"]
[Site "Chartres, France"]
[Date "2020.09.30"]
[Round "1.1"]
[White "FEDORCHUK, Sergey"]
[Black "STEPHAN, Victor"]
[Result "1-0"]
[TimeControl "90'+30\""]
[WhiteTitle "GM"]
[BlackTitle "IM"]
[WhiteElo "2615"]
[BlackElo "2439"]

1. e4 {[%clk 01:30:55]} {[%emt 00:00:03]} c5 {[%clk 01:30:52]} {[%emt
00:00:10]} 2. Nf3 {[%clk 01:31:13]} {[%emt 00:00:12]} d6 {[%clk 01:31:14]}
{[%emt 00:00:08]} 3. d4 {[%clk 01:31:11]} {[%emt 00:00:32]} cxd4 {[%clk
01:31:35]} {[%emt 00:00:09]} 4. Nxd4 {[%clk 01:31:34]} {[%emt 00:00:07]} Nf6
{[%clk 01:31:53]} {[%emt 00:00:12]} 5. Nc3 {[%clk 01:31:54]} {[%emt 00:00:10]}
a6 {[%clk 01:32:13]} {[%emt 00:00:10]} 6. Be2 {[%clk 01:30:32]} {[%emt
00:01:51]} e6 {[%clk 01:31:50]} {[%emt 00:00:54]} 7. f4 {[%clk 01:24:26]}
{[%emt 00:06:36]} Nbd7 {[%clk 01:25:47]} {[%emt 00:06:33]} 8. Bf3 {[%clk
01:20:16]} {[%emt 00:04:40]} Qc7 {[%clk 01:24:00]} {[%emt 00:02:17]} 9. g4
{[%clk 01:17:44]} {[%emt 00:03:01]} d5 {[%clk 01:07:51]} {[%emt 00:16:41]} 10.
exd5 {[%clk 01:11:28]} {[%emt 00:06:45]} Bb4 {[%clk 01:05:23]} {[%emt
00:02:57]} 11. dxe6 {[%clk 01:08:15]} {[%emt 00:03:43]} Nc5 {[%clk 01:01:58]}
{[%emt 00:03:56]} 12. exf7+ {[%clk 01:03:00]} {[%emt 00:05:45]} Kxf7 {[%clk
01:00:15]} {[%emt 00:02:13]} 13. O-O {[%clk 01:02:14]} {[%emt 00:01:16]} Rd8
{[%clk 00:56:08]} {[%emt 00:04:37]} 14. Nce2 {[%clk 00:55:14]} {[%emt
00:07:29]} Ba5 {[%clk 00:38:42]} {[%emt 00:17:56]} 15. c3 {[%clk 00:52:32]}
{[%emt 00:03:12]} Bb6 {[%clk 00:36:02]} {[%emt 00:03:10]} 16. f5 {[%clk
00:50:16]} {[%emt 00:02:46]} h5 {[%clk 00:34:11]} {[%emt 00:02:21]} 17. g5
{[%clk 00:48:31]} {[%emt 00:02:15]} Ng4 {[%clk 00:33:48]} {[%emt 00:00:53]} 18.
Bxg4 {[%clk 00:40:08]} {[%emt 00:08:52]} hxg4 {[%clk 00:34:10]} {[%emt
00:00:09]} 19. Ng3 {[%clk 00:40:35]} {[%emt 00:00:03]} Kg8 {[%clk 00:29:26]}
{[%emt 00:05:15]} 20. Qxg4 {[%clk 00:26:25]} {[%emt 00:14:39]} g6 {[%clk
00:26:36]} {[%emt 00:03:19]} 21. Qf3 {[%clk 00:26:23]} {[%emt 00:00:32]} gxf5
{[%clk 00:25:54]} {[%emt 00:01:13]} 22. Ngxf5 {[%clk 00:25:42]} {[%emt
00:01:11]} Be6 {[%clk 00:23:09]} {[%emt 00:03:15]} 23. Be3 {[%clk 00:22:38]}
{[%emt 00:03:34]} Rf8 {[%clk 00:21:01]} {[%emt 00:02:38]} 24. Qh5 {[%clk
00:22:37]} {[%emt 00:00:30]} Bxf5 {[%clk 00:19:18]} {[%emt 00:02:14]} 25. Nxf5
{[%clk 00:22:59]} {[%emt 00:00:09]} 1-0

[Event "1er tournoi de GMI du C'Chartres Echecs 2020"]
[Site "Chartres, France"]
[Date "2020.09.30"]
[Round "1.2"]
[White "LAMARD, Guillaume"]
[Black "MAURIZZI, Marc Andria"]
[Result "1-0"]
[TimeControl "90'+30\""]
[WhiteTitle "IM"]
[BlackTitle "IM"]
[WhiteElo "2486"]
[BlackElo "2433"]

1. e4 {[%clk 01:30:55]} {[%emt 00:00:05]} c5 {[%clk 01:30:42]} {[%emt
00:00:18]} 2. Nf3 {[%clk 01:31:19]} {[%emt 00:00:07]} Nc6 {[%clk 01:30:17]}
{[%emt 00:00:54]} 3. Bb5 {[%clk 01:31:19]} {[%emt 00:00:30]} e6 {[%clk
01:29:48]} {[%emt 00:00:58]} 4. O-O {[%clk 01:31:21]} {[%emt 00:00:29]} Nge7
{[%clk 01:28:12]} {[%emt 00:02:05]} 5. Re1 {[%clk 01:31:10]} {[%emt 00:00:41]}
Nd4 {[%clk 01:28:24]} {[%emt 00:00:19]} 6. Nxd4 {[%clk 01:24:27]} {[%emt
00:07:12]} cxd4 {[%clk 01:28:53]} {[%emt 00:00:03]} 7. d3 {[%clk 01:23:40]}
{[%emt 00:01:16]} a6 {[%clk 01:25:39]} {[%emt 00:03:43]} 8. Bc4 {[%clk
01:20:39]} {[%emt 00:03:32]} Nc6 {[%clk 01:24:00]} {[%emt 00:02:09]} 9. a4
{[%clk 01:15:01]} {[%emt 00:06:08]} Be7 {[%clk 01:17:18]} {[%emt 00:07:12]} 10.
Nd2 {[%clk 01:03:45]} {[%emt 00:11:45]} d5 {[%clk 01:11:55]} {[%emt 00:05:52]}
11. exd5 {[%clk 00:58:57]} {[%emt 00:05:19]} exd5 {[%clk 01:12:22]} {[%emt
00:00:02]} 12. Bb3 {[%clk 00:59:06]} {[%emt 00:00:21]} O-O {[%clk 01:09:48]}
{[%emt 00:03:03]} 13. Qh5 {[%clk 00:56:30]} {[%emt 00:03:07]} Be6 {[%clk
01:06:35]} {[%emt 00:03:43]} 14. Nf3 {[%clk 00:48:47]} {[%emt 00:08:13]} h6
{[%clk 00:50:47]} {[%emt 00:16:18]} 15. Bd2 {[%clk 00:48:39]} {[%emt 00:00:38]}
Bf6 {[%clk 00:49:39]} {[%emt 00:01:38]} 16. a5 {[%clk 00:39:04]} {[%emt
00:10:06]} Qd7 {[%clk 00:45:34]} {[%emt 00:04:34]} 17. h3 {[%clk 00:38:31]}
{[%emt 00:01:02]} Rac8 {[%clk 00:40:58]} {[%emt 00:05:06]} 18. Nh2 {[%clk
00:37:15]} {[%emt 00:01:46]} Bd8 {[%clk 00:31:48]} {[%emt 00:09:40]} 19. Ng4
{[%clk 00:34:41]} {[%emt 00:03:06]} Bc7 {[%clk 00:30:25]} {[%emt 00:01:53]} 20.
Nxh6+ {[%clk 00:25:38]} {[%emt 00:09:33]} gxh6 {[%clk 00:30:53]} {[%emt
00:00:03]} 21. Bxh6 {[%clk 00:25:57]} {[%emt 00:00:10]} Ne7 {[%clk 00:29:58]}
{[%emt 00:01:24]} 22. Qg5+ {[%clk 00:25:50]} {[%emt 00:00:37]} Ng6 {[%clk
00:30:22]} {[%emt 00:00:06]} 23. Qf6 {[%clk 00:26:17]} {[%emt 00:00:04]} 1-0

[Event "1er tournoi de GMI du C'Chartres Echecs 2020"]
[Site "Chartres, France"]
[Date "2020.09.30"]
[Round "1.3"]
[White "GULIYEV, Namig"]
[Black "LOISEAU, Quentin"]
[Result "1-0"]
[TimeControl "90'+30\""]
[WhiteTitle "GM"]
[BlackTitle "IM"]
[WhiteElo "2529"]
[BlackElo "2457"]

1. e4 {[%clk 01:30:48]} {[%emt 00:00:10]} e5 {[%clk 01:30:44]} {[%emt
00:00:17]} 2. Nf3 {[%clk 01:31:10]} {[%emt 00:00:07]} Nc6 {[%clk 01:31:08]}
{[%emt 00:00:05]} 3. Bb5 {[%clk 01:29:35]} {[%emt 00:02:05]} a6 {[%clk
01:30:55]} {[%emt 00:00:44]} 4. Ba4 {[%clk 01:29:57]} {[%emt 00:00:07]} Nf6
{[%clk 01:31:18]} {[%emt 00:00:06]} 5. O-O {[%clk 01:30:20]} {[%emt 00:00:08]}
Be7 {[%clk 01:31:25]} {[%emt 00:00:22]} 6. Qe2 {[%clk 01:25:23]} {[%emt
00:05:27]} b5 {[%clk 01:28:30]} {[%emt 00:03:25]} 7. Bb3 {[%clk 01:21:57]}
{[%emt 00:03:57]} O-O {[%clk 01:28:06]} {[%emt 00:00:54]} 8. c3 {[%clk
01:21:34]} {[%emt 00:00:53]} d5 {[%clk 01:11:15]} {[%emt 00:17:21]} 9. d3
{[%clk 01:18:01]} {[%emt 00:04:03]} h6 {[%clk 01:07:27]} {[%emt 00:04:17]} 10.
exd5 {[%clk 01:08:15]} {[%emt 00:10:16]} Nxd5 {[%clk 01:06:07]} {[%emt
00:01:50]} 11. Nxe5 {[%clk 00:57:07]} {[%emt 00:11:38]} Nxe5 {[%clk 01:05:57]}
{[%emt 00:00:39]} 12. Qxe5 {[%clk 00:57:31]} {[%emt 00:00:06]} Bb7 {[%clk
01:06:13]} {[%emt 00:00:15]} 13. Bxd5 {[%clk 00:54:01]} {[%emt 00:04:00]} Bxd5
{[%clk 00:40:24]} {[%emt 00:26:19]} 14. Bf4 {[%clk 00:49:47]} {[%emt 00:04:44]}
Bb7 {[%clk 00:39:43]} {[%emt 00:01:12]} 15. Qxc7 {[%clk 00:42:09]} {[%emt
00:08:08]} Qd5 {[%clk 00:39:23]} {[%emt 00:00:50]} 16. f3 {[%clk 00:42:16]}
{[%emt 00:00:23]} Rfe8 {[%clk 00:34:25]} {[%emt 00:05:28]} 17. d4 {[%clk
00:40:04]} {[%emt 00:02:42]} Bf8 {[%clk 00:25:04]} {[%emt 00:09:51]} 18. Nd2
{[%clk 00:36:47]} {[%emt 00:03:46]} Rac8 {[%clk 00:19:55]} {[%emt 00:05:40]} 19.
Qa5 {[%clk 00:35:59]} {[%emt 00:01:17]} Qf5 {[%clk 00:14:56]} {[%emt 00:05:29]}
20. Bg3 {[%clk 00:36:14]} {[%emt 00:00:14]} Re2 {[%clk 00:11:46]} {[%emt
00:03:40]} 21. Rf2 {[%clk 00:27:03]} {[%emt 00:09:42]} Rce8 {[%clk 00:06:55]}
{[%emt 00:05:21]} 22. Qc7 {[%clk 00:23:29]} {[%emt 00:04:03]} R2e7 {[%clk
00:00:45]} {[%emt 00:06:40]} 23. Qf4 {[%clk 00:22:08]} {[%emt 00:01:51]} Qd5
{[%clk 00:00:44]} {[%emt 00:00:31]} 24. Nb3 {[%clk 00:12:37]} {[%emt 00:10:01]}
f5 {[%clk 00:00:34]} {[%emt 00:00:39]} 25. Qd2 {[%clk 00:12:39]} {[%emt
00:00:28]} g5 {[%clk 00:00:40]} {[%emt 00:00:25]} 26. Be5 {[%clk 00:12:43]}
{[%emt 00:00:26]} Re6 {[%clk 00:00:35]} {[%emt 00:00:35]} 27. Re1 {[%clk
00:10:03]} {[%emt 00:03:09]} Qd7 {[%clk 00:00:31]} {[%emt 00:00:34]} 28. Nc1
{[%clk 00:09:33]} {[%emt 00:00:59]} Bd5 {[%clk 00:00:55]} {[%emt 00:00:07]} 29.
b3 {[%clk 00:09:42]} {[%emt 00:00:21]} Qa7 {[%clk 00:01:01]} {[%emt 00:00:23]}
30. Nd3 {[%clk 00:09:02]} {[%emt 00:01:09]} Rc8 {[%clk 00:00:53]} {[%emt
00:00:38]} 31. h4 {[%clk 00:07:48]} {[%emt 00:01:44]} Rg6 {[%clk 00:01:01]}
{[%emt 00:00:23]} 32. hxg5 {[%clk 00:07:29]} {[%emt 00:00:49]} hxg5 {[%clk
00:01:21]} {[%emt 00:00:10]} 33. Bh2 {[%clk 00:06:59]} {[%emt 00:01:00]} f4
{[%clk 00:00:33]} {[%emt 00:01:18]} 34. Ne5 {[%clk 00:07:17]} {[%emt 00:00:12]}
Re6 {[%clk 00:00:36]} {[%emt 00:00:27]} 35. g3 {[%clk 00:06:26]} {[%emt
00:01:20]} Bg7 {[%clk 00:00:33]} {[%emt 00:00:34]} 36. gxf4 {[%clk 00:06:37]}
{[%emt 00:00:20]} gxf4 {[%clk 00:00:50]} {[%emt 00:00:13]} 37. Bxf4 {[%clk
00:06:43]} {[%emt 00:00:24]} Rf8 {[%clk 00:00:33]} {[%emt 00:00:47]} 38. Rg2
{[%clk 00:06:49]} {[%emt 00:00:23]} b4 {[%clk 00:00:33]} {[%emt 00:00:32]} 39.
c4 {[%clk 00:06:20]} {[%emt 00:00:58]} Ba8 {[%emt 00:00:33]} 1-0

[Event "1er tournoi de GMI du C'Chartres Echecs 2020"]
[Site "Chartres, France"]
[Date "2020.09.30"]
[Round "1.4"]
[White "DAVID, Alberto"]
[Black "VLACHOS, Anatole"]
[Result "1-0"]
[TimeControl "90'+30\""]
[WhiteTitle "GM"]
[BlackTitle "IM"]
[WhiteElo "2520"]
[BlackElo "2437"]

1. e4 {[%clk 01:30:56]} {[%emt 00:00:03]} e5 {[%clk 01:30:53]} {[%emt
00:00:07]} 2. Nf3 {[%clk 01:31:15]} {[%emt 00:00:11]} Nc6 {[%clk 01:31:20]}
{[%emt 00:00:04]} 3. Bb5 {[%clk 01:31:36]} {[%emt 00:00:08]} a6 {[%clk
01:31:41]} {[%emt 00:00:09]} 4. Ba4 {[%clk 01:31:59]} {[%emt 00:00:07]} Nf6
{[%clk 01:32:06]} {[%emt 00:00:04]} 5. d3 {[%clk 01:31:30]} {[%emt 00:00:59]}
b5 {[%clk 01:32:10]} {[%emt 00:00:26]} 6. Bb3 {[%clk 01:31:55]} {[%emt
00:00:05]} Be7 {[%clk 01:32:16]} {[%emt 00:00:24]} 7. O-O {[%clk 01:30:29]}
{[%emt 00:01:56]} d6 {[%clk 01:32:23]} {[%emt 00:00:23]} 8. c3 {[%clk
01:30:46]} {[%emt 00:00:13]} O-O {[%clk 01:31:13]} {[%emt 00:01:39]} 9. Re1
{[%clk 01:31:07]} {[%emt 00:00:10]} Nb8 {[%clk 01:21:00]} {[%emt 00:10:42]} 10.
Nbd2 {[%clk 01:30:05]} {[%emt 00:01:32]} Nbd7 {[%clk 01:21:20]} {[%emt
00:00:11]} 11. Nf1 {[%clk 01:26:27]} {[%emt 00:04:07]} Nc5 {[%clk 01:17:54]}
{[%emt 00:03:55]} 12. Bc2 {[%clk 01:22:37]} {[%emt 00:04:21]} Bb7 {[%clk
00:58:30]} {[%emt 00:19:54]} 13. Ng3 {[%clk 01:22:45]} {[%emt 00:00:22]} Re8
{[%clk 00:57:37]} {[%emt 00:01:24]} 14. d4 {[%clk 01:21:22]} {[%emt 00:01:52]}
Ncd7 {[%clk 00:57:12]} {[%emt 00:00:55]} 15. a4 {[%clk 01:15:12]} {[%emt
00:06:41]} c5 {[%clk 00:54:03]} {[%emt 00:03:39]} 16. d5 {[%clk 01:11:36]}
{[%emt 00:04:06]} c4 {[%clk 00:53:25]} {[%emt 00:01:09]} 17. Nf5 {[%clk
01:05:55]} {[%emt 00:06:11]} Bf8 {[%clk 00:49:04]} {[%emt 00:04:51]} 18. h3
{[%clk 01:03:56]} {[%emt 00:02:29]} g6 {[%clk 00:42:17]} {[%emt 00:07:16]} 19.
Nh6+ {[%clk 01:03:28]} {[%emt 00:00:58]} Bxh6 {[%clk 00:42:42]} {[%emt
00:00:06]} 20. Bxh6 {[%clk 01:03:52]} {[%emt 00:00:06]} Nh5 {[%clk 00:42:53]}
{[%emt 00:00:19]} 21. Qd2 {[%clk 01:00:53]} {[%emt 00:03:29]} Nc5 {[%clk
00:39:37]} {[%emt 00:03:46]} 22. Nh2 {[%clk 00:56:34]} {[%emt 00:04:49]} Rb8
{[%clk 00:31:09]} {[%emt 00:08:58]} 23. Ng4 {[%clk 00:45:27]} {[%emt 00:11:36]}
Bc8 {[%clk 00:30:46]} {[%emt 00:00:54]} 24. axb5 {[%clk 00:42:47]} {[%emt
00:03:11]} Rxb5 {[%clk 00:29:40]} {[%emt 00:01:36]} 25. Ra2 {[%clk 00:41:53]}
{[%emt 00:01:24]} a5 {[%clk 00:16:07]} {[%emt 00:14:04]} 26. Ne3 {[%clk
00:32:43]} {[%emt 00:09:39]} Nf4 {[%clk 00:12:19]} {[%emt 00:04:18]} 27. Nxc4
{[%clk 00:32:17]} {[%emt 00:00:56]} g5 {[%clk 00:11:27]} {[%emt 00:01:22]} 28.
h4 {[%clk 00:32:29]} {[%emt 00:00:17]} f6 {[%clk 00:11:45]} {[%emt 00:00:12]}
29. g3 {[%clk 00:24:34]} {[%emt 00:08:26]} Nh3+ {[%clk 00:11:26]} {[%emt
00:00:49]} 30. Kg2 {[%clk 00:24:30]} {[%emt 00:00:34]} Kf7 {[%clk 00:10:25]}
{[%emt 00:01:30]} 31. Rh1 {[%clk 00:14:41]} {[%emt 00:10:18]} Kg6 {[%clk
00:09:02]} {[%emt 00:01:54]} 32. b4 {[%clk 00:12:53]} {[%emt 00:02:18]} Kxh6
{[%clk 00:03:38]} {[%emt 00:05:54]} 33. bxc5 {[%clk 00:13:17]} {[%emt
00:00:05]} Rxc5 {[%clk 00:03:41]} {[%emt 00:00:27]} 34. Ne3 {[%clk 00:13:04]}
{[%emt 00:00:43]} Nf4+ {[%clk 00:03:25]} {[%emt 00:00:46]} 35. Kf1 {[%clk
00:09:17]} {[%emt 00:04:16]} Ng6 {[%clk 00:01:13]} {[%emt 00:02:42]} 36. Nf5+
{[%clk 00:08:19]} {[%emt 00:01:29]} Bxf5 {[%clk 00:01:24]} {[%emt 00:00:18]} 37.
hxg5+ {[%clk 00:08:30]} {[%emt 00:00:20]} Kg7 {[%clk 00:01:53]} 38. gxf6+
{[%clk 00:05:40]} {[%emt 00:03:21]} Kxf6 {[%clk 00:01:30]} {[%emt 00:00:53]} 39.
exf5 {[%clk 00:05:57]} {[%emt 00:00:13]} Nf8 {[%clk 00:01:53]} {[%emt
00:00:08]} 40. Ba4 {[%clk 00:04:58]} {[%emt 00:01:29]} Kxf5 {[%clk 00:01:18]}
{[%emt 00:01:04]} 41. Qh6 {[%clk 00:03:11]} {[%emt 00:02:17]} Ng6 {[%clk
00:00:40]} {[%emt 00:01:08]} 42. Bxe8 {[%emt 00:01:57]} Qxe8 {[%clk 00:01:02]}
{[%emt 00:00:02]} 43. Rh5+ {[%clk 00:01:33]} {[%emt 00:00:47]} Kf6 {[%clk
00:01:06]} {[%emt 00:00:26]} 44. Qg5+ {[%clk 00:01:21]} {[%emt 00:00:42]} Kg7
{[%clk 00:01:28]} {[%emt 00:00:08]} 45. Qh6+ {[%clk 00:01:45]} {[%emt
00:00:06]} Kf6 {[%clk 00:01:53]} {[%emt 00:00:05]} 46. Rb2 {[%clk 00:02:03]}
{[%emt 00:00:11]} Rc7 {[%clk 00:02:07]} {[%emt 00:00:16]} 47. g4 {[%clk
00:02:08]} {[%emt 00:00:26]} Qa4 {[%clk 00:01:54]} {[%emt 00:00:43]} 48. Rf5+
{[%clk 00:02:14]} {[%emt 00:00:24]} Ke7 {[%clk 00:02:17]} {[%emt 00:00:06]} 49.
Qxh7+ {[%clk 00:02:24]} {[%emt 00:00:19]} Kd8 {[%clk 00:02:32]} {[%emt
00:00:15]} 50. Qg8+ {[%clk 00:02:31]} {[%emt 00:00:23]} Kd7 {[%clk 00:02:50]}
{[%emt 00:00:13]} 51. Qe6+ {[%clk 00:02:49]} {[%emt 00:00:12]} Kd8 {[%clk
00:03:19]} {[%emt 00:00:01]} 52. Rb8+ {[%clk 00:03:12]} {[%emt 00:00:07]} 1-0

[Event "1er tournoi de GMI du C'Chartres Echecs 2020"]
[Site "Chartres, France"]
[Date "2020.09.30"]
[Round "1.5"]
[White "DUBOUE, Peio"]
[Black "DARDHA, Daniel"]
[Result "1/2-1/2"]
[TimeControl "90'+30\""]
[WhiteTitle "FM"]
[BlackTitle "IM"]
[WhiteElo "2439"]
[BlackElo "2468"]

1. e4 {[%clk 01:24:20]} {[%emt 00:01:29]} c5 {[%clk 01:30:53]} {[%emt
00:00:07]} 2. c3 {[%clk 01:24:42]} {[%emt 00:00:09]} Nf6 {[%clk 01:31:16]}
{[%emt 00:00:07]} 3. e5 {[%clk 01:25:09]} {[%emt 00:00:03]} Nd5 {[%clk
01:31:39]} {[%emt 00:00:07]} 4. d4 {[%clk 01:25:26]} {[%emt 00:00:13]} cxd4
{[%clk 01:32:02]} {[%emt 00:00:07]} 5. Nf3 {[%clk 01:25:47]} {[%emt 00:00:08]}
d6 {[%clk 01:31:54]} {[%emt 00:00:38]} 6. cxd4 {[%clk 01:26:10]} {[%emt
00:00:07]} Nc6 {[%clk 01:32:07]} {[%emt 00:00:17]} 7. Bc4 {[%clk 01:26:35]}
{[%emt 00:00:05]} e6 {[%clk 01:31:07]} {[%emt 00:01:30]} 8. O-O {[%clk
01:26:54]} {[%emt 00:00:11]} Be7 {[%clk 01:31:21]} {[%emt 00:00:16]} 9. Bd2
{[%clk 01:27:15]} {[%emt 00:00:09]} O-O {[%clk 01:30:37]} {[%emt 00:01:15]} 10.
Nc3 {[%clk 01:27:38]} {[%emt 00:00:06]} Nb6 {[%clk 01:28:32]} {[%emt 00:02:35]}
11. Bb3 {[%clk 01:27:44]} {[%emt 00:00:24]} dxe5 {[%clk 01:28:42]} {[%emt
00:00:21]} 12. dxe5 {[%clk 01:28:09]} {[%emt 00:00:05]} Nd4 {[%clk 01:27:33]}
{[%emt 00:01:39]} 13. Be3 {[%clk 01:28:31]} {[%emt 00:00:08]} Nf5 {[%clk
01:20:36]} {[%emt 00:07:27]} 14. Bf4 {[%clk 01:26:31]} {[%emt 00:02:29]} Bd7
{[%clk 01:18:41]} {[%emt 00:02:25]} 15. Qe2 {[%clk 01:25:08]} {[%emt 00:01:53]}
Nh4 {[%clk 01:09:56]} {[%emt 00:09:15]} 16. Rfd1 {[%clk 01:19:12]} {[%emt
00:06:25]} Ng6 {[%clk 00:50:02]} {[%emt 00:20:25]} 17. Be3 {[%clk 01:18:24]}
{[%emt 00:01:17]} Qe8 {[%clk 00:49:29]} {[%emt 00:01:03]} 18. a4 {[%clk
01:04:58]} {[%emt 00:13:56]} Bc6 {[%clk 00:48:44]} {[%emt 00:01:15]} 19. Nb5
{[%clk 00:48:26]} {[%emt 00:17:03]} Qb8 {[%clk 00:40:49]} {[%emt 00:08:25]} 20.
Nxa7 {[%clk 00:35:28]} {[%emt 00:13:29]} Bd5 {[%clk 00:34:11]} {[%emt
00:07:07]} 21. Qb5 {[%clk 00:31:23]} {[%emt 00:04:35]} Bxb3 {[%clk 00:28:37]}
{[%emt 00:06:04]} 22. Qxb3 {[%clk 00:31:38]} {[%emt 00:00:15]} Nd5 {[%clk
00:28:57]} {[%emt 00:00:10]} 23. Nb5 {[%clk 00:31:40]} {[%emt 00:00:28]} Nxe5
{[%clk 00:29:13]} {[%emt 00:00:13]} 24. Nxe5 {[%clk 00:29:09]} {[%emt
00:03:01]} Qxe5 {[%clk 00:29:30]} {[%emt 00:00:13]} 25. Bd4 {[%clk 00:28:36]}
{[%emt 00:01:02]} Qf5 {[%clk 00:28:06]} {[%emt 00:01:54]} 26. Qg3 {[%clk
00:27:55]} {[%emt 00:01:11]} f6 {[%clk 00:26:36]} {[%emt 00:02:01]} 27. Nc7
{[%clk 00:21:58]} {[%emt 00:06:27]} Rad8 {[%clk 00:18:39]} {[%emt 00:08:27]} 28.
Nxd5 {[%clk 00:22:25]} {[%emt 00:00:03]} Rxd5 {[%clk 00:18:42]} {[%emt
00:00:27]} 29. Be3 {[%clk 00:20:58]} {[%emt 00:01:57]} Rxd1+ {[%clk 00:16:40]}
{[%emt 00:02:31]} 30. Rxd1 {[%clk 00:21:27]} Qc2 {[%clk 00:16:47]} {[%emt
00:00:25]} 31. Rc1 {[%clk 00:20:37]} {[%emt 00:01:20]} Qxa4 {[%clk 00:16:07]}
{[%emt 00:01:09]} 32. h4 {[%clk 00:19:50]} {[%emt 00:01:16]} Rd8 {[%clk
00:15:01]} {[%emt 00:01:37]} 33. Qf3 {[%clk 00:15:40]} {[%emt 00:04:40]} Qd7
{[%clk 00:13:02]} {[%emt 00:02:28]} 34. h5 {[%clk 00:15:09]} {[%emt 00:01:02]}
f5 {[%clk 00:10:35]} {[%emt 00:02:57]} 35. h6 {[%clk 00:13:58]} {[%emt
00:01:41]} g6 {[%clk 00:07:43]} {[%emt 00:03:22]} 36. g3 {[%clk 00:14:09]}
{[%emt 00:00:20]} Bf6 {[%clk 00:07:18]} {[%emt 00:00:55]} 37. Bb6 {[%clk
00:11:45]} {[%emt 00:02:55]} Rc8 {[%clk 00:06:58]} {[%emt 00:00:50]} 38. Rd1
{[%clk 00:11:42]} {[%emt 00:00:32]} Qc6 {[%clk 00:06:23]} {[%emt 00:01:05]} 39.
Qb3 {[%clk 00:11:25]} {[%emt 00:00:47]} Kf7 {[%clk 00:05:48]} {[%emt 00:01:04]}
40. Bd4 {[%clk 00:09:20]} {[%emt 00:02:35]} g5 {[%clk 00:04:23]} {[%emt
00:01:56]} 41. Bxf6 {[%clk 00:09:03]} {[%emt 00:00:47]} Kxf6 {[%clk 00:04:51]}
{[%emt 00:00:01]} 42. Qb4 {[%clk 00:08:13]} {[%emt 00:01:21]} Qc7 {[%clk
00:04:45]} {[%emt 00:00:36]} 43. Rd6 {[%clk 00:07:41]} {[%emt 00:01:01]} Qc5
{[%clk 00:02:57]} {[%emt 00:02:18]} 44. Qxb7 {[%clk 00:07:08]} {[%emt
00:01:05]} Rc7 {[%clk 00:03:15]} {[%emt 00:00:12]} 45. Qa6 {[%clk 00:06:10]}
{[%emt 00:01:27]} Qe5 {[%clk 00:03:38]} {[%emt 00:00:06]} 46. Qb6 {[%clk
00:01:49]} {[%emt 00:04:52]} Rc8 {[%clk 00:03:28]} {[%emt 00:00:40]} 47. Qb7
{[%clk 00:01:19]} {[%emt 00:01:00]} Qe1+ {[%clk 00:02:15]} {[%emt 00:01:42]} 48.
Kg2 {[%clk 00:01:30]} {[%emt 00:00:20]} Qe4+ {[%clk 00:02:41]} {[%emt
00:00:04]} 49. Qxe4 {[%clk 00:01:56]} {[%emt 00:00:03]} fxe4 {[%clk 00:03:09]}
{[%emt 00:00:03]} 50. Rd7 {[%clk 00:01:04]} {[%emt 00:01:23]} Kg6 {[%emt
00:00:41]} 51. Rd6 {[%clk 00:01:11]} Re8 {[%clk 00:03:04]} 52. Rd4 {[%clk
00:01:11]} e3 {[%clk 00:03:04]} 53. fxe3 {[%clk 00:01:11]} Rb8 {[%clk
00:03:04]} 54. b4 {[%clk 00:01:11]} Kxh6 {[%clk 00:03:04]} 55. Re4 {[%clk
00:01:11]} Kg6 {[%clk 00:03:04]} 56. Rxe6+ {[%clk 00:01:11]} Kf5 {[%clk
00:03:04]} 57. Rh6 {[%clk 00:01:11]} Rxb4 {[%clk 00:03:04]} 58. Rxh7 {[%clk
00:01:11]} Rb2+ {[%clk 00:03:04]} 59. Kf1 {[%clk 00:01:11]} Kg4 {[%clk
00:03:04]} 60. Rg7 {[%clk 00:01:11]} Kf3 {[%clk 00:03:04]} 61. Kg1 {[%clk
00:01:11]} g4 {[%clk 00:05:31]} {[%emt 00:06:34]} 62. Rf7+ {[%clk 00:03:22]}
Kxg3 {[%clk 00:05:56]} {[%emt 00:00:10]} 63. Rf1 {[%clk 00:03:49]} {[%emt
00:00:02]} Kh3 {[%clk 00:06:18]} {[%emt 00:00:08]} 64. Re1 {[%clk 00:04:08]}
{[%emt 00:00:11]} Rg2+ {[%clk 00:06:31]} {[%emt 00:00:17]} 65. Kh1 {[%clk
00:04:27]} {[%emt 00:00:11]} g3 {[%clk 00:06:56]} {[%emt 00:00:06]} 66. e4
{[%clk 00:04:21]} {[%emt 00:00:35]} Rh2+ {[%clk 00:07:19]} {[%emt 00:00:07]} 67.
Kg1 {[%clk 00:04:48]} {[%emt 00:00:03]} Rg2+ {[%clk 00:07:45]} {[%emt
00:00:04]} 68. Kh1 {[%clk 00:05:16]} {[%emt 00:00:02]} Rh2+ {[%clk 00:08:10]}
{[%emt 00:00:05]} 1/2-1/2